Cómo convertir un buen guion en un guion excelente / (Registro nro. 323235)

Detalles MARC
000 -ENCABEZADO
Número de control [NR] 00767nam a22002297a 4500
005 - FECHA Y HORA DE LA ÚLTIMA TRANSACCIÓN
control field 20231006135301.0
008 - DE LONGITUD FIJA DE DATOS DE ELEMENTOS - INFORMACIÓN GENERAL
Elementos de longitud fija [NR] 231006b ||||| |||| 00| 0 eng d
020 ## - NUMERO INTERNACIONAL NORMALIZADO PARA LIBROS [R]
Número Internacional Normalizado del libro [NR] 9788432162381
040 ## - FUENTE DE CATALOGACION [NR]
Agencia de catalogación original [NR] CO-BoUCM
Quien Cataloga David Moreno
Quien Clasifica David Moreno
041 ## - CODIGO DE IDIOMA [R]
Código de idioma para texto/pista de sonido o título separado [R] Español
100 1# - ASIENTO PRINCIPAL--NOMBRE PERSONAL [NR]
Nombre personal [NR] Seger, Linda
ID Autoridad 179035
245 10 - MENCION DE TITULO [NR]
Título [NR] Cómo convertir un buen guion en un guion excelente /
Mención de responsabilidad, etc. [NR] Linda Seger
250 ## - MENCION DE EDICION [NR]
Mención de edición [NR] Decimo tercera edición
260 ## - PUBLICACION, DISTRIBUCION, ETC. (PIE DE IMPRENTA) [R]
Lugar de publicación, distribución, etc. [R] Madrid, ES
Nombre del editor, distribuidor, etc. [R] Ediciones Rialp
Fecha de publicación, distribución, etc. [R] 2022
300 ## - DESCRIPCION FISICA [R]
Extensión [R] 260 Paginas
490 ## - MENCION DE SERIE [R]
Mención de serie [R] Libros de cine
650 17 - ASIENTO SECUNDARIO DE MATERIA - TERMINO TEMATICO [R]
Término temático o nombre geográfico como elemento de entrada [NR] Cine
Subdivisión general [R] Arte de escribir
9 (RLIN) 179036
650 17 - ASIENTO SECUNDARIO DE MATERIA - TERMINO TEMATICO [R]
Término temático o nombre geográfico como elemento de entrada [NR] Cine
Subdivisión general [R] Guiones
9 (RLIN) 179037
650 17 - ASIENTO SECUNDARIO DE MATERIA - TERMINO TEMATICO [R]
Término temático o nombre geográfico como elemento de entrada [NR] Técnicas
Subdivisión general [R] Guiones cinematográfico
9 (RLIN) 179038
942 ## - ELEMENTOS DE ENTRADA AGREGADOS (KOHA)
Sistema de clasificación DEWEY
Tema principal Arte
Tipo de ítem principal el descrito en 300a Libro
Edición 13
Clasificación 791.4
Parte restante de la signatura top. SE454
Título oculto en OPAC No
Existencias
Fecha de último préstamo Total préstamos Total Renewals Signatura topográfica Código de barras Última vez visto Ejemplar Costo de reposición Price effective from Tipo de ítem Perdido Sistema de clasificación Dañado No prestable Tipo de ítem específico Suprimido Ubicación habitual Ubicación actual Localización Fecha de creación Forma de adquisición Costo
11/10/2023 1 1 791.4 SE454 100172034 11/12/2025 Ej.1 108000.00 06/10/2023 Libro   DEWEY     Libro   Sede del emprendimiento y la innovación Sede del Emprendimiento, Innovación y Creación 1er piso 06/10/2023 Compra 108000.00